World out of balance : Our polluted planet

Bibliographic Details
Main Author: Erickson, Jon
Format: Book
Published: Blue Ridge Summit : TAB Books , 1992
Subjects:

MARC

LEADER 00000cam a2200000 7i4500
001 0000002175
002 000002372
005 20000330.0
020 |a 0830628045 
090 0 0 |a 363.73   |b ERI 
100 1 |a Erickson, Jon 
245 1 0 |a World out of balance :   |b Our polluted planet   |c Jon Erickson 
260 |a Blue Ridge Summit :   |b TAB Books ,   |c 1992 
300 |a 171p. :   |b ill ;   |c 23cm. 
650 0 0 |a Enviroment   |x Handbooks,manuals,etc 
999 |a 026458   |b BUKU   |c PINJAMAN   |e PERPUSTAKAAN KOMUNITI PETALING JAYA